| 000 | 00478nam a22001697a 4500 | ||
|---|---|---|---|
| 005 | 20251108175114.0 | ||
| 008 | 250721s1988 xx 000 0 ara d | ||
| 082 | 1 | 4 | _a956.4/حجا |
| 100 | 1 | _aحجازي، عرفات | |
| 245 | 1 | 0 | _aالانتفاضة من وجهة نظر صهيونية / |
| 264 | 1 |
_aعمان : _bدار الصباح، _c1988. |
|
| 300 | _a113ص. | ||
| 650 | 1 | 7 | _aتاريخ فلسطين |
| 650 | 1 | 7 | _aالثورة |
| 942 |
_2ddc _cBK |
||
| 999 |
_c126288 _d126288 |
||